| 000 | 01055nam a22003257i 4500 | ||
|---|---|---|---|
| 999 |
_c173045 _d173045 |
||
| 005 | 20190617100138.0 | ||
| 008 | 190613t20192019my o j 000 0bmay d | ||
| 020 |
_a9789673801862 _qset _cRM299.00 |
||
| 020 |
_a9789673801893 _qpaperback _cRM59.80 |
||
| 040 |
_aPPAK _beng _cPPAK _erda |
||
| 082 | 0 | 4 |
_a923.2595 _223 |
| 090 | 0 | 0 |
_a923.2595 _bMAR _dK |
| 090 | 2 | 0 |
_a923.2595 _bMAR _dKK |
| 100 | 0 |
_aMariah Ahmad, _eauthor. |
|
| 245 | 1 | 0 |
_aTun Dr. Mahathir Mohamad / _cMariah Ahmad |
| 264 | 1 |
_aButterworth, Pulau Pinang : _bMega Publications, _c2019 |
|
| 264 | 4 | _c©2019 | |
| 300 |
_aiv, 92 pages : _bsome colour photographs ; _c26 cm |
||
| 336 |
_2rdacontent _atext |
||
| 337 |
_2rdamedia _aunmediated |
||
| 338 |
_2rdacarrier _avolume |
||
| 490 | 1 | _aSiri Info Perdana Menteri | |
| 504 | _6Bibliography: page 92. | ||
| 600 | 0 | 0 |
_aMahathir Mohamad, _cTun Dr. _d1925- |
| 650 | 1 | 0 |
_aPrime ministers _zMalaysia |
| 650 | 2 | 0 |
_aPoliticians _zMalaysia |
| 651 | 0 |
_aMalaysia _xPolitics and government |
|
| 830 | 0 | _aSiri info Perdana Menteri | |
| 942 |
_2ddc _cB |
||